<?xml version="1.0" encoding="UTF-8"?>
<record
    xmlns:xsi="http://www.w3.org/2001/XMLSchema-instance"
    xsi:schemaLocation="http://www.loc.gov/MARC21/slim http://www.loc.gov/standards/marcxml/schema/MARC21slim.xsd"
    xmlns="http://www.loc.gov/MARC21/slim">

  <leader>00302nam a2200097Ia 4500</leader>
  <controlfield tag="001">1058721</controlfield>
  <controlfield tag="005">20250827001444.0</controlfield>
  <controlfield tag="008">250824s9999    xx            000 0 und d</controlfield>
  <datafield tag="245" ind1=" " ind2="0">
    <subfield code="a">NASRETT&#x130;N HOCA D&#x130;Z&#x130;S&#x130; KAVUK &#xC7;OCUKLA&#x15E;TI</subfield>
    <subfield code="c">HASAN Y&#x130;&#x11E;&#x130;T</subfield>
  </datafield>
  <datafield tag="260" ind1=" " ind2=" ">
    <subfield code="b">NAR&#xC7;&#x130;&#xC7;E&#x11E;&#x130; YAYINCILIK VE TA&#x15E;IMACILIK A.&#x15E;.</subfield>
  </datafield>
  <datafield tag="999" ind1=" " ind2=" ">
    <subfield code="c">1058721</subfield>
    <subfield code="d">1058721</subfield>
  </datafield>
  <datafield tag="952" ind1=" " ind2=" ">
    <subfield code="0">0</subfield>
    <subfield code="1">0</subfield>
    <subfield code="4">0</subfield>
    <subfield code="7">0</subfield>
    <subfield code="a">1023</subfield>
    <subfield code="b">1023</subfield>
    <subfield code="d">2025-08-24</subfield>
    <subfield code="l">3</subfield>
    <subfield code="p">10235135</subfield>
    <subfield code="r">2025-12-19 08:56:26</subfield>
    <subfield code="s">2025-12-12</subfield>
    <subfield code="w">2025-08-27</subfield>
    <subfield code="y">BK</subfield>
  </datafield>
</record>
